| 000 | 00813cam a22002415a 4500 | ||
|---|---|---|---|
| 001 | 16840106 | ||
| 005 | 20161221105143.0 | ||
| 008 | 110623t2012 nyu fr 001 0 eng d | ||
| 020 | _a9780071760300 | ||
| 020 | _a007176030X | ||
| 040 |
_aDLC _cDLC _dYDX _dBTCTA _dYDXCP _dVP@ _dBWX _dUKMGB _dSINLB _dCDX _dBDX _dDLC _dDLC _dEG-ScBUE _beng |
||
| 082 | 0 | 4 |
_222 _a332.6327 _bTRE |
| 100 | 1 | _aTrester, Kenneth R. | |
| 245 | 1 | 0 |
_aUnderstanding ETF options : _bprofitable strategies for diversified, low-risk investing / _cKenneth R. Trester. |
| 260 |
_aNew York : _bMcGraw-Hill, _cc.2012. |
||
| 300 |
_avi, 233 p. ; _c24 cm. |
||
| 500 | _aIncludes index. | ||
| 650 | 7 |
_aExchange traded funds. _2BUEsh _936527 |
|
| 650 | 7 |
_aOptions (Finance) _2BUEsh _934937 |
|
| 651 | _2BUEsh | ||
| 653 |
_bBUSADM _cDecember2016 |
||
| 942 | _2ddc | ||
| 999 |
_c23661 _d23633 |
||